LEADER 00988nam0-22003131i-450- 001 990008111190403321 005 20050512094220.0 010 $a88-387-0197-0 035 $a000811119 035 $aFED01000811119 035 $a(Aleph)000811119FED01 035 $a000811119 100 $a20050512d1992----km-y0itay50------ba 101 0 $aita 102 $aIT 105 $ay---n----00yy 200 1 $a<>smaltimento dei rifiuti solidi ospedalieri$econ richiami di giurisprudenza amministrativa e penale$fPasquale Giampietro 210 $aRimini$cMaggioli$dc1992 215 $a400 p.$d24 cm 225 1 $aAmbiente, territorio, edilizia, urbanistica 676 $a342$v11 rid.$zita 700 1$aGiampietro,$bPasquale$c$0342370 801 0$aIT$bUNINA$gRICA$2UNIMARC 901 $aBK 912 $a990008111190403321 952 $aVI D 818$b2841$fDDA 959 $aDDA 996 $aSmaltimento dei rifiuti solidi ospedalieri$9757946 997 $aUNINA LEADER 01695nam 2200577 450 001 996218629203316 005 20231110230628.0 010 $a1-281-21423-X 010 $a9786611214234 010 $a0-470-77467-3 010 $a1-4051-5303-2 035 $a(CKB)1000000000400794 035 $a(SSID)ssj0000105180 035 $a(PQKBManifestationID)11128584 035 $a(PQKBTitleCode)TC0000105180 035 $a(PQKBWorkID)10086881 035 $a(PQKB)10650762 035 $a(MiAaPQ)EBC243562 035 $a(MiAaPQ)EBC7076245 035 $a(Au-PeEL)EBL7076245 035 $a(EXLCZ)991000000000400794 100 $a20230106d2005 uy 0 101 0 $aeng 135 $aurcnu|||||||| 181 $ctxt 182 $cc 183 $acr 200 00$aArchaeology of Asia /$fedited by Miriam T. Stark 210 1$aMalden, Massachusetts :$cBlackwell Publishing,$d[2005] 210 4$dİ2005 215 $a1 online resource (382 pages) 225 0 $aBlackwell studies in global archaeology Archaeology of Asia 300 $aBibliographic Level Mode of Issuance: Monograph 311 $a1-4051-0212-8 320 $aIncludes bibliographical references and index. 410 0$aWiley Blackwell Studies in Global Archaeology 606 $aArchaeology$zAsia 606 $aSocial archaeology$zAsia 607 $aAsia$xAntiquities 607 $aAsia$xCivilization 615 0$aArchaeology 615 0$aSocial archaeology 676 $a950.1 702 $aStark$b Miriam T. 801 0$bMiAaPQ 801 1$bMiAaPQ 801 2$bMiAaPQ 906 $aBOOK 912 $a996218629203316 996 $aArchaeology of Asia$92201168 997 $aUNISA